000 00978nam a22002657a 4500
001 BR8005249
003 BR-BrBNA
005 20230928090715.0
007 ta
008 230509b bl.||||| |||| 00| 0 por d
040 _aBR-BrBNA
_bpor
_cBiblioteca Nacional de Agricultura
041 _a(Por)
072 _aF23
_b/G514
090 _ F23 BR8005249
100 1 _aSilva, A.C.G. de A. e
110 1 _aUniversidade de Sao Paulo, Sao Paulo (Brasil). Inst. de Geociencias
_0Tese (Mestrado)
_910546
245 1 _aMineralogia, material amorfo, evolucao genetica e estudo do niquel e cromo no perfil de alteracao do macico ultramafico de Santa Fe, Goias [Brasil]
260 3 _aSao Paulo, SP (Brasil):
_c1980.
300 _a136 p.
500 _aSummary (Por); Bibliography p. 129-136 (65 ref.). (*) Documento disponível na(o) UFPR, Curitiba, PR (Brazil). Biblioteca Central
650 _aMINERALOGIA
650 _aGOIAS
909 _a202309
_bLucia
_c55
_dLucia Elande
942 _cBK
999 _c30135
_d30135